Legenda o vládcích chaosu /
Když padla bouře, zůstal jen Chaos. Vládci, kteří si kdysi podmanili temnotu, teď žijí mezi obyčejnými lidmi. Učí se být rodiči, partnery, lidmi, i když noc stále patří jen jim. Za dny školních povinností a rodinných večeří se skrývá svět, kde krev nikdy nezasychá a moc...
Uloženo v:
| Série: | Vládci chaosu,
část 4 |
|---|---|
| Hlavní autor: | |
| Médium: | E-kniha |
| Jazyk: | Czech |
| Vydáno: |
Praha :
Nakladatelství Solis s.r.o.,
2026
|
| Příbuzné jednotky: | Z cyklu::
Vládci chaosu |
| Tagy: |
Žádné tagy |
| LEADER | 01435nam a22002417i 4500 | ||
|---|---|---|---|
| 001 | 313861 | ||
| 007 | ta | ||
| 008 | 260623s2026 xr ||||| |||| 00| 0 cze d | ||
| 020 | |a 9990004279056 | ||
| 044 | |a xr | ||
| 100 | 1 | |a Jell, Marcy |4 aut | |
| 245 | 1 | 0 | |a Legenda o vládcích chaosu / |c Jell, Marcy |
| 264 | 1 | |a Praha : |b Nakladatelství Solis s.r.o., |c 2026 | |
| 300 | |a 1 online zdroj (206 stran) | ||
| 336 | |a text |b txt |2 rdacontent | ||
| 337 | |a bez média |b n |2 rdamedia | ||
| 338 | |a online zdroj |b cr |2 rdacarrier | ||
| 520 | 2 | |a Když padla bouře, zůstal jen Chaos. Vládci, kteří si kdysi podmanili temnotu, teď žijí mezi obyčejnými lidmi. Učí se být rodiči, partnery, lidmi, i když noc stále patří jen jim. Za dny školních povinností a rodinných večeří se skrývá svět, kde krev nikdy nezasychá a moc má svou cenu. A jejich děti už brzy poznají, že Chaos je dědičný. | |
| 787 | 0 | 8 | |g 4 |i Z cyklu: |t Vládci chaosu |
| 910 | |a RBIT002 | ||
| 998 | |d 427905 |a https://core.palmknihy.cz/api/books/427905/cover?th1bxr |b https://core.palmknihy.cz/api/books/427905/cover/400?th1bxr |c https://core.palmknihy.cz/api/books/427905/cover/50?th1bxr |e 2032-12-31 |g 206 |i 9990004279056 |j https://core.palmknihy.cz/api/books/427905/preview.epub |k https://core.palmknihy.cz/api/books/427905/preview.pdf |l |q 49 |r 1 |s https://www.palmknihy.cz/kniha/427905 |t ebook |y 2026 |z 1 |v Vládci chaosu |w 4 | ||
| 999 | |d 313859 | ||